Khmer fable / (Record no. 9351)
[ view plain ]
| 000 -LEADER | |
|---|---|
| fixed length control field | 01256nam a22002417a 4500 |
| 001 - CONTROL NUMBER | |
| control field | 9351 |
| 003 - CONTROL NUMBER IDENTIFIER | |
| control field | FISKH |
| 005 - DATE AND TIME OF LATEST TRANSACTION | |
| control field | 20251211143712.0 |
| 008 - FIXED-LENGTH DATA ELEMENTS--GENERAL INFORMATION | |
| fixed length control field | 251211b cb ||||| |||| 00| 0 eng d |
| 040 ## - CATALOGING SOURCE | |
| Original cataloging agency | FISKH |
| Language of cataloging | eng |
| Transcribing agency | FISKH |
| Modifying agency | FISKH |
| 082 ## - DEWEY DECIMAL CLASSIFICATION NUMBER | |
| Classification number | 398.209596 |
| 100 ## - MAIN ENTRY--PERSONAL NAME | |
| Personal name | Anonymous |
| 245 ## - TITLE STATEMENT | |
| Title | Khmer fable / |
| Statement of responsibility, etc. | Illustrated by the Inclusive Arts Class at Epic Arts, Kampot |
| 260 ## - PUBLICATION, DISTRIBUTION, ETC. | |
| Place of publication, distribution, etc. | Kampot ; |
| Name of publisher, distributor, etc. | Epicarts, |
| Date of publication, distribution, etc. | 2015. |
| 300 ## - PHYSICAL DESCRIPTION | |
| Extent | 16 unnumbered pages : |
| Other physical details | color illustrations ; |
| Dimensions | 20 cm |
| 505 ## - FORMATTED CONTENTS NOTE | |
| Formatted contents note | J<br/><br/> |
| 520 ## - SUMMARY, ETC. | |
| Summary, etc. | Khmer Fables is a collection of traditional Cambodian stories, brought to life through vibrant illustrations created by the Inclusive Arts Class at Epic Arts in Kampot. Each fable reflects themes of Khmer culture, moral lessons, and wisdom handed down through generations. Epic Arts is an organization committed to promoting inclusion and celebrating diversity, especially for individuals with disabilities, through creative and expressive art forms. This book showcases their artistic talents while preserving Cambodian storytelling traditions. |
| 521 8# - TARGET AUDIENCE NOTE | |
| Target audience note | 500<br/> |
| Source | Lexile estimate<br/> |
| 521 8# - TARGET AUDIENCE NOTE | |
| Target audience note | J<br/> |
| Source | Raz-Plus<br/> |
| 650 ## - SUBJECT ADDED ENTRY--TOPICAL TERM | |
| Source of heading or term | Cambodia |
| Topical term or geographic name entry element | Cambodian folklore |
| Form subdivision | Traditional stories |
| General subdivision | Khmer fables |
| 942 ## - ADDED ENTRY ELEMENTS (KOHA) | |
| Source of classification or shelving scheme | Dewey Decimal Classification |
| Koha item type | Books |
| Suppress in OPAC | No |
| Withdrawn status | Lost status | Source of classification or shelving scheme | Damaged status | Not for loan | Collection | Home library | Current library | Shelving location | Date acquired | Total Checkouts | Full call number | Barcode | Date last seen | Copy number | Price effective from | Koha item type |
|---|---|---|---|---|---|---|---|---|---|---|---|---|---|---|---|---|
| Dewey Decimal Classification | Juvenile Fiction | Footprints International School Library Network Toul Tom Poung Campus | Footprints International School Library Network Toul Tom Poung Campus | TTP Primary Dark Blue Bookshelves | 12/11/2025 | ANO 398.209596 | 2025-5113 | 12/11/2025 | 1 | 12/11/2025 | Books |
